Themes and theories : (Record no. 18944)
[ view plain ]
| 000 -LEADER | |
|---|---|
| fixed length control field | 01497cam a22003374a 4500 |
| 001 - CONTROL NUMBER | |
| control field | 15600788 |
| 005 - DATE AND TIME OF LATEST TRANSACTION | |
| control field | 20150126151338.0 |
| 008 - FIXED-LENGTH DATA ELEMENTS--GENERAL INFORMATION | |
| fixed length control field | 090127s2009 xxk frb f001 0 eng d |
| 010 ## - LIBRARY OF CONGRESS CONTROL NUMBER | |
| LC control number | 2009499096 |
| Canceled/invalid LC control number | 2009921690 |
| 020 ## - INTERNATIONAL STANDARD BOOK NUMBER | |
| International Standard Book Number | 9780198262350 (hbk. : alk. paper ; set) |
| 020 ## - INTERNATIONAL STANDARD BOOK NUMBER | |
| International Standard Book Number | 0198262353 (hbk. : alk. paper ; set) |
| 020 ## - INTERNATIONAL STANDARD BOOK NUMBER | |
| International Standard Book Number | 9780199558599 (hbk. : alk. paper ; v. 1) |
| 020 ## - INTERNATIONAL STANDARD BOOK NUMBER | |
| International Standard Book Number | 0199558590 (hbk. : alk. paper ; v. 1) |
| 020 ## - INTERNATIONAL STANDARD BOOK NUMBER | |
| International Standard Book Number | 9780199558605 (hbk. : alk. paper ; v. 2) |
| 020 ## - INTERNATIONAL STANDARD BOOK NUMBER | |
| International Standard Book Number | 0199558604 (hbk. : alk. paper ; v. 2) |
| 040 ## - CATALOGING SOURCE | |
| Original cataloging agency | UKM |
| Transcribing agency | UKM |
| Modifying agency | YDXCP |
| -- | BWKUK |
| -- | BWK |
| -- | GWL |
| -- | BWX |
| -- | YLS |
| -- | COO |
| -- | DLC |
| -- | EG-ScBUE |
| 082 00 - DEWEY DECIMAL CLASSIFICATION NUMBER | |
| Classification number | 341 |
| Edition number | 22 |
| Item number | HIG |
| 100 1# - MAIN ENTRY--PERSONAL NAME | |
| Personal name | Higgins, Rosalyn |
| 9 (RLIN) | 37349 |
| 245 10 - TITLE STATEMENT | |
| Title | Themes and theories : |
| Remainder of title | selected essays, speeches, and writings in international law / |
| Statement of responsibility, etc | Rosalyn Higgins. |
| 260 ## - PUBLICATION, DISTRIBUTION, ETC. (IMPRINT) | |
| Place of publication, distribution, etc | Oxford, United Kingdom ; |
| -- | New York, United States : |
| Name of publisher, distributor, etc | Oxford University Press, |
| Date of publication, distribution, etc | 2009. |
| 300 ## - PHYSICAL DESCRIPTION | |
| Extent | 2 v. ; |
| Dimensions | 24 cm. |
| 500 ## - GENERAL NOTE | |
| General note | Index : p. 1403-1421. |
| 504 ## - BIBLIOGRAPHY, ETC. NOTE | |
| Bibliography, etc | Includes bibliographical references. |
| 505 0# - FORMATTED CONTENTS NOTE | |
| Formatted contents note | International legal theory-United nations law-Use of force-State and diplomatic immunities-Human rights-International petroleum law-General-Tributes to colleagues-The judicial years-The years as president of the international court of justice. |
| 590 ## - LOCAL NOTE (RLIN) | |
| Local note | Library contain : v. 1-v. 2. |
| 650 #0 - SUBJECT ADDED ENTRY--TOPICAL TERM | |
| Topical term or geographic name as entry element | International law |
| 9 (RLIN) | 9620 |
| 653 ## - INDEX TERM--UNCONTROLLED | |
| Resource For college | BAEPS, Political Science |
| Arrived date list | January2015 |
| 655 ## - INDEX TERM--GENRE/FORM | |
| Form subdivision | |
| -- | 34232 |
| 942 ## - ADDED ENTRY ELEMENTS (KOHA) | |
| Source of classification or shelving scheme | Dewey Decimal Classification |
| Call number prefix | 341 HIG |
| Withdrawn status | Item status | Source of classification or shelving scheme | Damaged status | Not for loan | Vendor | Home library | Current library | Shelving location | Date acquired | Source of acquisition | Cost, normal purchase price | Serial Enumeration / chronology | Total Checkouts | Full call number | Barcode | Date last seen | Cost, replacement price | Koha item type | Public note | Date last borrowed |
|---|---|---|---|---|---|---|---|---|---|---|---|---|---|---|---|---|---|---|---|---|
| Dewey Decimal Classification | Baccah | Central Library | Central Library | First floor | 26/01/2015 | Purchase | 1584.00 | 21201 | 341 HIG | 000037369 | 15/07/2025 | 1980.00 | Book - Borrowing | Vol. 1. | ||||||
| Dewey Decimal Classification | Baccah | Central Library | Central Library | First floor | 26/01/2015 | 1584.00 | 21291 | 1 | 341 HIG | 000037370 | 15/07/2025 | 1980.00 | Book - Borrowing | Vol. 2. | 09/01/2024 |